00752nam a22001937a 450000500170000001000150001702000260003203500140005803700090007208200110008110000270009224500900011926000590020927000800026830000240034894200250037299900190039795201420041620240624154144.0 aENG-140676 a9789391028688c599.00 aEN-124208 bDBAD a333.73 aRamesh, Mridula967648 aWatershed:bHow We Destroyed India's Water and How We Can Save It/cBy Mridula Ramesh aGurugrambHachelle Book Publishing India Pvt Ltdc2021 a4th & %th Floor, Corporate Centre, Plot No. 94, Sector 44bGurugrame122003 axv,415p.c22cm.(Hb) 2ddccENh333.73mRAM c203658d203658 001040708NFICaLbLd2024-06-24eDBADg599.00l3m6o333.73 RAMpEN-124208r2024-11-16 00:00:00s2024-09-30t1v599.00w2024-06-24yEN